000
00266nam a2200109Ia 4500
003
GCL
008
140319s9999 xx 000 0 ara d
040
_a
GCL /
_c
GCL
082
0
4
_a
ط
_b
813.0876
_b
ا ع
245
1
0
_a
العالم من غير هواء
490
_a
كتاب
_v
0
999
_c
42772
_d
42772